Statistics for 2011 Pan-American Winners

Click here to take the quiz!

General Stats

  • This quiz has been taken 35 times
  • The average score is 9 of 34

Answer Stats

MedalEventCountry RepresentedGymnast% Correct
SilverUneven BarsUnited StatesShawn Johnson
79%
Shawn Johnson
79%
Peng Peng Lee
50%
Bridget Sloan
46%
GoldTeam CompetitionUnited StatesBridgette Caquatto
46%
GoldUneven BarsUnited StatesBridgette Caquatto
46%
GoldIndividual All AroundUnited StatesBridgette Caquatto
46%
GoldBalance BeamGuatemalaAna Sofia Gomez
38%
SilverIndividual All AroundGuatemalaAna Sofia Gomez
38%
BronzeTeam CompetitionMexicoElsa Garcia
38%
Bronze (Tie)Uneven BarsMexicoElsa Garcia
38%
SilverVaultMexicoElsa Garcia
38%
Alexa Moreno
33%
BronzeFloor ExerciseBrazilDaniele Hypolito
33%
BronzeBalance BeamBrazilDaniele Hypolito
33%
Brandie Jay
29%
GoldVaultUnited StatesBrandie Jay
29%
Dominique Pegg
21%
Jessie DeZiel
21%
BronzeIndividual All AroundCanadaKristina Vaculik
21%
SilverTeam CompetitionCanadaKristina Vaculik
21%
SilverBalance BeamCanadaKristina Vaculik
21%
GoldFloor ExerciseMexicoAna Lago
13%
Ana Lago
13%
Grace McLaughlin
13%
SilverFloor ExerciseCanadaMikaela Gerber
13%
Mikaela Gerber
13%
Talia Chiarelli
13%
BronzeVaultColombiaCatalina Escobar
4%
Coralie Leblond-Chartrand
4%
Karla Salazar
4%
Uneven BarsMexicoMarisela Cantu
4%
Marisela Cantu
4%
Yessenia Estrada
4%

Score Distribution

Percentile by Number Answered

Percent of People with Each Score

Your Score History

You have not taken this quiz